Tribunato e Resistenza.

Salvato in:
Dettagli Bibliografici
Autore principale: Catalano, Pierangelo (autore)
Natura: Libro
Lingua:inglese
Pubblicazione: Torino, Italia: G.B. Paravia, 1971.
Edizione:Prima edizione.
Serie:Historica Politica Philosophica. Il pensiero Antico - Studi e Testi, 4.
Soggetti:
Tags: Aggiungi Tag
Nessun Tag, puoi essere il primo ad aggiungerne!!

MARC

LEADER 00000nam a22000007a 4500
003 CL-VaPUC
005 20220822114444.0
008 220328t1971 ||||| |||| 00| 0 eng d
999 |c 435165  |d 435163 
040 |c Pontificia Universidad Católica de Valparaíso 
082 7 |a 323.65 CAT 1971  |2 22 
100 |a Catalano, Pierangelo  |9 397578  |e autore 
245 |a Tribunato e Resistenza. 
250 |a Prima edizione. 
260 |a Torino, Italia:   |b G.B. Paravia,   |c 1971. 
300 |a 142 páginas.  
490 |a Historica Politica Philosophica. Il pensiero Antico - Studi e Testi,   |v  4. 
500 |a c.1 Donación Familia Prof. Alejandro Guzmán Brito. 
583 |c 20220328  |k Yessy Stephany Diaz Vidal 
650 |a Resistencia política   |x Historia   |9 869994 
942 |2 ddc  |c BK  |n 0 
952 |0 0  |1 0  |2 ddc  |4 0  |6 323_650000000000000_CAT_1971  |7 0  |8 C_AGB  |9 582207  |a BIBDER  |b BIBDER  |d 2022-03-28  |e Donación   |i 5650442  |o 323.65 CAT 1971  |p 5650442  |r 2023-01-25  |t 1  |w 2022-03-28  |y BK_US  |k AGB